Sports Quiz

Random Sports or Golf Quiz

Masters 2+ Winners Quiz Stats

Quiz Updated Oct 18, 2016

Also try: Masters Winners
Challenge
Share
Tweet
Embed
Score 0/17 Timer 03:00
5 Plays Today
Number of Wins/Country Golfer % Correct
4 (USA)Tiger Woods
99.4%
6 (USA)Jack Nicklaus
90.4%
3 (USA)Phil Mickelson
88.2%
4 (USA)Arnold Palmer
88.2%
2 (USA)Bubba Watson
79.1%
3 (South Africa)Gary Player
65.9%
3 (UK/England)Nick Faldo
62.2%
2 (USA)Tom Watson
56.5%
2 (Spain)Seve Ballesteros
54.6%
Number of Wins/Country Golfer % Correct
2 (USA)Ben Hogan
53.7%
3 (USA)Sam Snead
50.7%
2 (West Germany/Germany)Bernhard Langer
45.7%
2 (Spain)José María Olazábal
41.3%
2 (USA)Ben Crenshaw
27.8%
2 (USA)Byron Nelson
26.2%
2 (USA)Horton Smith
13.7%
3 (USA)Jimmy Demaret
10.2%

You're not logged in!

Compare scores with friends on all Sporcle quizzes.
Join for Free
OR
Log In

You Might Also Like...

Show Comments

Extras

Top Quizzes Today


Score Distribution

Your Account Isn't Verified!

In order to create a playlist on Sporcle, you need to verify the email address you used during registration. Go to your Sporcle Settings to finish the process.

Report this User

Report this user for behavior that violates our Community Guidelines.

Details: